Exports in a developing economy : A case study of India (Record no. 13975)

MARC details
000 -LEADER
fixed length control field 00423nam a2200157Ia 4500
082 ## - DEWEY DECIMAL CLASSIFICATION NUMBER
Classification number TG.0233
100 ## - MAIN ENTRY--AUTHOR NAME
Personal name Gupta, D.B.
245 #0 - TITLE STATEMENT
Title Exports in a developing economy : A case study of India
260 ## - PUBLICATION, DISTRIBUTION, ETC. (IMPRINT)
Year of publication 1973
Name of publisher M.S. University of Baroda
300 ## - PHYSICAL DESCRIPTION
Number of Pages 329p. + C D - 59
650 ## - SUBJECT ADDED ENTRY--TOPICAL TERM
Topical Term EXPORTS - INDIA
650 ## - SUBJECT ADDED ENTRY--TOPICAL TERM
Topical Term INDIA - ECONOMIC CONDITIONS
650 ## - SUBJECT ADDED ENTRY--TOPICAL TERM
Topical Term INDIA - COMMERCE
710 ## - ADDED ENTRY--CORPORATE NAME
Corporate name or jurisdiction name as entry element Kothari, V.N.
942 ## - ADDED ENTRY ELEMENTS (KOHA)
Koha item type Thesis
Source of classification or shelving scheme Dewey Decimal Classification
Holdings
Withdrawn status Lost status Damaged status Not for loan Home library Current library Date acquired Full call number Accession Number Price effective from Koha item type
        NASSDOC Library NASSDOC Library 08/10/2004 TG.0233 6513 18/04/2019 Thesis